TNA Wrestling Champions by Year - 2002 - Statistics

General Stats
  • This quiz has been taken 101 times
  • The average score is 12 of 16
Answer Stats
Title Date Event Wrestler % Correct
X-Division June 19 Weekly PPV #1 AJ Styles
100%
X-Division October 23 Weekly PPV #18 AJ Styles
100%
Tag Team July 3 Weekly PPV #3 AJ Styles
100%
World Heavyweight November 20 Weekly PPV #22 Jeff Jarrett
93%
X-Division August 7 Weekly PPV #8 Low Ki
86%
World Heavyweight August 7 Weekly PPV #8 Ron Killings
83%
World Heavyweight June 19 Weekly PPV #1 Ken Shamrock
81%
Tag Team September 18 Weekly PPV #13 James Storm
76%
X-Division August 28 Weekly PPV #11 Jerry Lynn
71%
X-Division November 6 Weekly PPV #20 Jerry Lynn
71%
Tag Team July 3 Weekly PPV #3 Jerry Lynn
71%
Tag Team September 18 Weekly PPV #13 Chris Harris
69%
X-Division October 9 Weekly PPV #16 Syxx-Pac
57%
X-Division December 11 Weekly PPV #25 Sonny Siaki
43%
Tag Team November 13 Weekly PPV #21 Brian Lee
40%
Tag Team November 13 Weekly PPV #21 Slash
40%
No matching quizzes found
Score Distribution
Percent of People with Each Score
Percentile by Number Answered
Your Score History
You have not taken this quiz